00972nam a22002417a 4500003000900000005001700009008003500026020001600061040002200077082001600099245010000115260008700215300002900302500007400331700002800405700003500433710006700468942001200535945002800547952011700575956002300692999001500715DO-SdBNP20180223133253.0160311b 1996 sp a 00| 0 spa d a8492067233  aBPMSUbspacBPMSU 4axxxxxbxxxx10a Encuentros con la literatura infantil /bedición Jorge Riobóo, Jaime García Padrino 8  aMadrid : bAsociación Española de Amigos del Libro Infantil y Juvenil, c1996. a82 p. :bil. ; c21 cm.  aIncluye referencias bibliográficas y notas al pie de las páginas.12aRiobóo, Jorge, eed. 12aGarcía Padrino, Jaime,eed. 10aAsociación Española de Amigos del Libro Infantil y Juvenil 2ddccBK aInventariado, 2018 / BT 00102ddc40708CI-GaBPMETbBPMETd2016-03-11eFUNDIl0oxxxxx xxxxpBPMSU16030073r2016-03-11w2016-03-11yBK 2LOPEREZ3106BPMSU c9193d9193